| 000 | 00603nam 22001693 4500 | ||
|---|---|---|---|
| 001 | 201596 | ||
| 090 | _a201596 | ||
| 100 | _a20260331d u||y0pory50 ba | ||
| 200 |
_aMinerações _eensaios de crítica e vida literária _fJoaquim-Francisco Coelho _gprefácio de Cassiano Nunes |
||
| 210 |
_aBelém _cUniversidade Federal do Pará _d1975 |
||
| 215 |
_a[10], 118, [1] p. _cbrochado _d22 cm |
||
| 300 | _aContém dedicatória na pág. [5] | ||
| 675 |
_a821.134.3(81)-3 _vBR _zpor |
||
| 700 |
_917023 _aCoelho _bJoaquim Francisco _f1938-2019 |
||
| 801 |
_aPT _bBMMN _gRPC |
||
| 830 |
_cAna Falardo _fAna Falardo |
||
| 990 | _cLIVROS | ||